000 00893cam a22001934a 4500
005 20250605164109.0
008 250528s ||||||||||||||||||||||||d
035 _a17823
020 _a9781938769382
040 _aGR-AtMCL
_bgre
_dGR-AtMCL
_eAACR2
245 1 _aAnxious Attachments
260 _bAutumn House Press,
_c2019
300 _a158
520 _aThe writer writes so clearly and honestly about some of the best and worst things that can happen to a person that her essay collection seems like a marvelous gift. In a Town Ringed by Missiles, Shelter, The Motherhood Poems, Clarity, Notes from Prague, Days of the Dead, Stars and Moons and Comets, Anxious Attachments, Water in the Desert, Los Perdicos, Ordinary Devotions, Cautionary Tales, Die Die Die, Thirteen Ways of Looking at Grief.
700 1 _aAlvarado Beth
_94096
942 _cBK
999 _c3223
_d3223